"Los invisibles" : a history of male homosexuality in Spain, 1850-1939 /

Gespeichert in:
Bibliographische Detailangaben
1. Verfasser: Cleminson, Richard
Weitere Verfasser: Garcia Vazquez, Francisco
Format: Buch
Sprache:Englisch
Veröffentlicht: Cardiff : University of Wales Press, 2007
Schriftenreihe:Iberian and latin american studies
Tags: Tag hinzufügen
Keine Tags, Fügen Sie das erste Tag hinzu!

MARC

LEADER 00000nam a22000007i 4500
001 IT\ICCU\BCT\0023817
003 ItRI
005 20260115232004.0
008 141111s2007 xxk|||||| ||||| |||||c
020 |a 9780708320129 
040 |b ita  |c importazione bologna sebina 
041 7 |a eng  |2 ISO-639-2 
100 1 |a Cleminson, Richard  |0 IT\ICCU\TO0V\529141 
245 1 5 |a "Los invisibles" :  |b a history of male homosexuality in Spain, 1850-1939 /  |c Richard Cleminson and Francisco Vàzquez García. 
246 1 3 |a "Los invisibles" : a history of male homosexuality in Spain, 1850-1940  |9 IT\ICCU\UBO\4113316 
260 |a Cardiff :  |b University of Wales Press,  |c 2007 
300 |a X, 311 p. ;  |c 23 cm 
500 |a Titolo in copertina  |0 IT\ICCU\UBO\4113316 
700 1 |a Garcia Vazquez, Francisco  |0 IT\ICCU\LO1V\340491 
830 0 |a Iberian and latin american studies  |0 IT\ICCU\UBO\3316928 
942 |2 ddc  |c BK  |n 0 
952 |0 0  |1 0  |4 0  |6 DOC_306_766000000000000_CLE  |7 0  |9 18543  |a BO  |b BO  |d 2026-01-15  |i 17487  |l 0  |o DOC 306.766 CLE  |p BO17487  |r 2026-01-15 23:20:04  |w 2026-01-15  |x [Sebina 5] [1 v.]  |y BK  |z 1 v. 
999 |c 15707  |d 15707